Представление документа в формате MARC21

ПолеНазваниеЗначение
  Тип записи a
  Библиографический уровень m
001 Контрольный номер RU/URAIT/587718
005 Дата корректировки 20260429163625.6
008 Кодируемые данные 260429s2026 RU y f j 000 0 rus u
020 Индекс ISBN __
a ISBN 978-5-534-21584-7
c Цена, тираж 1619.00
040 Источник каталогиз. __
a Служба первич. каталог. ИКО Юрайт
c Служба, преобразующая запись ИКО Юрайт
e Правила каталог. RCR
041 Код языка издания __
a Код языка текста rus
044 Код страны публикации __
a Код страны публикации RU
080 Индекс УДК __
a Индекс УДК 658(75.32)
084 Индекс другой классификации/Индекс ББК __
2 Источник индекса rubbk
a Индекс другой классификации/Индекс ББК 65.29я723
100 Автор __
a Автор Чалдаева Л. А.
q Полное имя Чалдаева Лариса Алексеевна
245 Заглавие __
a Заглавие Экономика предприятия
b Продолж. заглавия учебник и практикум для спо
c Ответственность Л. А. Чалдаева.
250 Сведения об издании __
g пер. и доп
a Основные сведения об издании 5-е изд.
256 Характеристики компьютерного файла __
a Характеристики компьютерного файла Электрон. дан.
260 Выходные данные __
a Место издания Москва
b Издательство Юрайт
c Дата издания 2026
300 Физическое описание __
a Объем 299 с
440 Серия __
a Серия Профессиональное образование
500 Примечания __
a Примечание URL: https://urait.ru/bcode/587718 (дата обращения: 29.04.2026).
520 Аннотация __
a Аннотация Учебник по дисциплине «Экономика предприятия» содержит системно изложенный учебный материал, дающий целостное представление о деятельности предприятия (организации) как хозяйствующего субъекта начиная с момента его образования и выбора организационно-правовой формы до получения финансовых результатов и оценки эффективности производственно-хозяйственной деятельности. Отличительной особенностью данного издания является наличие большого количества схем и рисунков, которые позволят лучше понять и усвоить учебный материал. Соответствует актуальным требованиям Федерального государственного образовательного стандарта среднего профессионального образования и профессиональным требованиям. Для студентов и практикующих специалистов.
538 Прим. о системных особенностях __
a Прим. о системных особенностях Режим доступа: Электронно-библиотечная система Юрайт, для авториз. пользователей
653 Ключевые слова __
a Ключевые слова Микроэкономика. Экономика организации (фирмы)
653 Ключевые слова __
a Ключевые слова Экономические науки
653 Ключевые слова __
a Ключевые слова Экономика предприятия
653 Ключевые слова __
a Ключевые слова Экономика организаций
653 Ключевые слова __
a Ключевые слова Экономика организации (предприятия)
653 Ключевые слова __
a Ключевые слова Основы экономики организации
653 Ключевые слова __
a Ключевые слова Управление коллективом исполнителей
653 Ключевые слова __
a Ключевые слова Экономика организации
653 Ключевые слова __
a Ключевые слова Основы управления коллективом исполнителей
653 Ключевые слова __
a Ключевые слова Основы экономики предприятий и организаций
653 Ключевые слова __
a Ключевые слова Экономика и организация предприятия
653 Ключевые слова __
a Ключевые слова Экономика организаций (предприятий)
653 Ключевые слова __
a Ключевые слова Экономика предприятий (организаций)
653 Ключевые слова __
a Ключевые слова Организация деятельности коллектива исполнителей
653 Ключевые слова __
a Ключевые слова Экономика предприятий
653 Ключевые слова __
a Ключевые слова Экономика предприятий и организаций
653 Ключевые слова __
a Ключевые слова Экономика предприятий и организаций (продвинутый уровень)
653 Ключевые слова __
a Ключевые слова Основы экономики предприятия
653 Ключевые слова __
a Ключевые слова Экономика предприятия и организации
653 Ключевые слова __
a Ключевые слова Экономика предпринимательской организации
653 Ключевые слова __
a Ключевые слова Экономика предприятия (продвинутый уровень)
653 Ключевые слова __
a Ключевые слова Экономика предприятия (организации)
653 Ключевые слова __
a Ключевые слова Экономика предприятий/организация
653 Ключевые слова __
a Ключевые слова Основы экономики, бережливого производства и правовых основ профессиональной деятельности
653 Ключевые слова __
a Ключевые слова Организация работ по добыче нефти и газа
653 Ключевые слова __
a Ключевые слова Предоставление услуг предприятия питания
653 Ключевые слова __
a Ключевые слова Организация работ по добыче углеводородного сырья
653 Ключевые слова __
a Ключевые слова Основы экономики организации (в т.ч. основы финансовой грамотности)
856 Электронный адрес документа 40
n Местонахождение сервера Юрайт
g Электронная книга
q Тип электронного формата html
h Имя пользователя ЮРАЙТ
v Часы доступа к ресурсу 20271231
2 Способ доступа Показать документ
x Служебное примечание https://urait.ru/book/cover/6159977A-D970-4998-8664-C6BC68F95E51
u URL https://urait.ru/bcode/587718
856 Электронный адрес документа 48
q Тип электронного формата cover
u URL https://urait.ru/book/cover/6159977A-D970-4998-8664-C6BC68F95E51
911 __
u 0030=https://urait.ru/bcode/587718
911 __
u 073a=9785534215847
u 073d=1619.00
911 __
u 106a=s
911 __
u 900l=
952 Тип литературы __
i Дисциплина Экономика предприятия
952 Тип литературы __
i Дисциплина Экономика организаций
952 Тип литературы __
i Дисциплина Экономика организации (предприятия)
952 Тип литературы __
i Дисциплина Основы экономики организации
952 Тип литературы __
i Дисциплина Управление коллективом исполнителей
952 Тип литературы __
i Дисциплина Экономика организации
952 Тип литературы __
i Дисциплина Основы управления коллективом исполнителей
952 Тип литературы __
i Дисциплина Основы экономики предприятий и организаций
952 Тип литературы __
i Дисциплина Экономика и организация предприятия
952 Тип литературы __
i Дисциплина Экономика организаций (предприятий)
952 Тип литературы __
i Дисциплина Экономика предприятий (организаций)
952 Тип литературы __
i Дисциплина Организация деятельности коллектива исполнителей
952 Тип литературы __
i Дисциплина Экономика предприятий
952 Тип литературы __
i Дисциплина Экономика предприятий и организаций
952 Тип литературы __
i Дисциплина Экономика предприятий и организаций (продвинутый уровень)
952 Тип литературы __
i Дисциплина Основы экономики предприятия
952 Тип литературы __
i Дисциплина Экономика предприятия и организации
952 Тип литературы __
i Дисциплина Экономика предпринимательской организации
952 Тип литературы __
i Дисциплина Экономика предприятия (продвинутый уровень)
952 Тип литературы __
i Дисциплина Экономика предприятия (организации)
952 Тип литературы __
i Дисциплина Экономика предприятий/организация
952 Тип литературы __
i Дисциплина Основы экономики, бережливого производства и правовых основ профессиональной деятельности
952 Тип литературы __
i Дисциплина Организация работ по добыче нефти и газа
952 Тип литературы __
i Дисциплина Предоставление услуг предприятия питания
952 Тип литературы __
i Дисциплина Организация работ по добыче углеводородного сырья
952 Тип литературы __
i Дисциплина Основы экономики организации (в т.ч. основы финансовой грамотности)